Classement UFC Heavyweight Homme - Statistiques

Statistiques générales
  • Ce quiz a été pris 263 fois
    31 depuis la dernière actualisation
  • Le résultat moyen est 10 sur 16
Statistiques - réponses
Classement Nationalité Combattants % Correct
# 1 🇨🇵 Ciryl Gane
100%
# 2 🇷🇺 Alexander Volkov
96%
CHAMPION 🏴󠁧󠁢󠁥󠁮󠁧󠁿 Tom Aspinall
96%
# 8 🇺🇲 Derrick Lewis
83%
# 3 🇷🇺 Sergei Pavlovich
83%
# 6 🇧🇷 Jailton Almeida
74%
# 7 🇲🇩 Serghei Spivac
70%
# 12 🇦🇺 Tai Tuivasa
70%
# 4 🇺🇲 Curtis Blaydes
61%
# 5 🇩🇴 Waldo Cortes Acosta
61%
# 10 🇭🇷 Ante Delija
43%
# 11 🇷🇺 / 🇧🇭 Shamil Gaziev
43%
# 9 🇵🇱 Marcin Tybura
39%
# 15 🇧🇷 Tallison Texeira
30%
# 14 🇧🇷 Valter Walker
30%
# 13 🏴󠁧󠁢󠁥󠁮󠁧󠁿 Mick Parkin
22%
Aucun quiz correspondant
Distribution des résultats
% des personnes avec chaque résultat
Percentile par nombre de réponses
Votre historique - résultats
Vous n’avez pas pris ce quiz depuis la dernière actualisation